Menempa impian

Bibliographic Details
Main Author: Wan Zalina Rajali
Format: Book
Published: Kuala Lumpur : DBP , 1996
Subjects:

MARC

LEADER 00000cam a2200000 7i4500
001 0000006855
002 000007387
005 20000330.0
020 |a 9836247203 
090 0 0 |a F   |b WAN 
100 1 |a Wan Zalina Rajali 
245 1 0 |a Menempa impian   |c Wan Zalina Rajali 
260 |a Kuala Lumpur :   |b DBP ,   |c 1996 
300 |a 262p. ;   |c 19cm. 
650 0 0 |a General fiction, Malay 
999 |a 051381   |b BUKU   |c PINJAMAN   |e PERPUSTAKAAN KOMUNITI PETALING JAYA